|
|
|
|
| LEADER |
00644nam a22001697a 4500 |
| 008 |
161229b xxu||||| |||| 00| 0 eng d |
| 020 |
|
|
|a 9789385755767
|
| 082 |
|
|
|a 927.92028
|b MIS
|
| 100 |
|
|
|a Mishra, Vandana
|
| 245 |
|
|
|a I, the salt doll :
|b mee Mithaachi Bahuli /
|c Vandana Mishra ; translated from the Marathi by Jerry Pinto
|
| 250 |
|
|
|a 1st ed.
|
| 260 |
|
|
|a New Delhi :
|c 2016.
|b alfa publications,
|
| 300 |
|
|
|a 221p.
|
| 600 |
|
|
|a Mithaachi Baahuli
|
| 942 |
|
|
|2 ddc
|c BK
|
| 999 |
|
|
|c 16319
|d 16319
|
| 952 |
|
|
|0 0
|1 0
|2 ddc
|4 0
|6 927_920280000000000_MIS
|7 0
|9 22897
|a MAIN
|b MAIN
|d 2016-12-29
|e Calicut Books
|g 299.00
|o 927.92028 MIS
|p 23840
|r 2016-12-29
|t 1
|w 2016-12-29
|y BK
|